000 00816nam a2200253Ia 4500
003 OSt
005 20221005092327.0
006 a|||||r|||| 00| 0
007 ta
008 221004b |||||||| |||| 00| 0 eng d
020 _a9780415805926 (hbk)
_c5264
024 _a98682
037 _b28970, 24/12/2009, Segment Book Distributors
_cTextual
040 _aCRL
_cCRL
_beng
041 _2eng
_aeng
082 _aY76:351, Q0(906)
100 _aNa'Allah Abdul-Rasheed
_9617148
245 0 _aAfrican discourse in Islam, oral tradition and performance
260 _aNew York
_bRoutledge USA
_c2010
300 _axiv,183p.
_ccm.
650 _aSOCIOLOGY
942 _hY76:351, Q0(906)
_cTEXL
_2cc
999 _c998669
_d998669